| 000 | 04876 a2200493 4500 | ||
|---|---|---|---|
| 001 | 22549137 | ||
| 003 | 0199098 | ||
| 005 | 20251011131253.0 | ||
| 008 | 220514s2023 enk b 001 0 eng | ||
| 010 | _a 2022012527 | ||
| 020 | _a9781032115658 | ||
| 020 | _a9781032126432 | ||
| 020 | _z9781003225546 | ||
| 035 | _a22549137 | ||
| 040 |
_aLBSOR/DLC _beng _erda _cDLC |
||
| 042 | _apcc | ||
| 043 | _ae------ | ||
| 050 | 0 | 0 |
_aQ130 _b.C656 2023 |
| 082 | 0 | 0 |
_a305.43/5094 _223/eng20220616 |
| 100 | _4edited by Palmen Rachel | ||
| 245 | 0 | 2 |
_aA community of practice approach to improving gender equality in research / _c |
| 260 |
_aNew York, NY : _bRoutledge, _c2023. |
||
| 263 | _a2207 | ||
| 264 | 1 |
_aAbingdon, Oxon ; _aNew York, NY : _bRoutledge, _c2023. |
|
| 300 |
_axviii, 220p.: _bill., tables |
||
| 336 |
_atext _btxt _2rdacontent |
||
| 337 |
_aunmediated _bn _2rdamedia |
||
| 338 |
_avolume _bnc _2rdacarrier |
||
| 504 | _aIncludes bibliographical references and index. | ||
| 505 | 0 | _a | |
| 520 |
_a"Bringing together the latest research among various communities of practice (disciplinary and place based, thematically organised, or type of organisation) - this volume reflects upon the knowledge, experience and practice gained through taking a unique community of practice approach to fostering gender equality in the sectors of research and innovation, and higher education in Europe and beyond. Based on research funded by the European Union, it considers how inter-organisational collaboration - can foster change for gender equality, through the sharing of experiences of Gender Equality Plan implementation and examining the role of measures such as change-monitoring systems. As such, it will appeal to social scientists with interests in organisational change, the sociology of work and gender equality"-- _cProvided by publisher. |
||
| 650 | 0 |
_aSex discrimination in science _zEuropean Union countries. |
|
| 650 | 0 |
_aSex discrimination in higher education _zEuropean Union countries. |
|
| 650 | 0 |
_aSex discrimination against women _zEuropean Union countries. |
|
| 650 | 0 |
_aWomen in science _zEuropean Union countries. |
|
| 650 | 0 |
_aResearch _xSocial aspects _zEuropean Union countries. |
|
| 650 | 0 |
_aCommunities of practice _zEuropean Union countries. |
|
| 700 | 1 |
_aPalmen, Rachel, _eeditor. |
|
| 700 | 1 |
_a _c(Researcher in gender equality), _eeditor. |
|
| 776 | 0 | 8 |
_iOnline version: _tCommunity of practice approach to improving gender equality in research _dAbingdon, Oxon ; New York, NY : Routledge, 2023 _z9781003225546 _w(DLC) 2022012528 |
| 906 |
_a7 _bcbc _corignew _d1 _eecip _f20 _gy-gencatlg |
||
| 942 |
_2lcc _cBK |
||
| 999 |
_c43690 _d43690 |
||